Marketing Analytics (Record no. 13861)

MARC details
000 -LEADER
fixed length control field 00385nam a22001697a 4500
003 - CONTROL NUMBER IDENTIFIER
control field OSt
008 - FIXED-LENGTH DATA ELEMENTS--GENERAL INFORMATION
fixed length control field 260225b |||||||| |||| 00| 0 eng d
020 ## - INTERNATIONAL STANDARD BOOK NUMBER
International Standard Book Number 9789373320489
082 ## - DEWEY DECIMAL CLASSIFICATION NUMBER
Classification number 658.882 GUM
100 ## - MAIN ENTRY--PERSONAL NAME
Personal name GUPTA,Seema
245 ## - TITLE STATEMENT
Title Marketing Analytics
250 ## - EDITION STATEMENT
Edition statement 2nd Ed
260 ## - PUBLICATION, DISTRIBUTION, ETC. (IMPRINT)
Place of publication, distribution, etc New Delhi
Name of publisher, distributor, etc Wiley
Date of publication, distribution, etc 2026
300 ## - PHYSICAL DESCRIPTION
Extent 522p
700 ## - ADDED ENTRY--PERSONAL NAME
Personal name JATHAR,Avadhoot
942 ## - ADDED ENTRY ELEMENTS (KOHA)
Source of classification or shelving scheme Dewey Decimal Classification
Koha item type Text Books
Holdings
Withdrawn status Lost status Source of classification or shelving scheme Damaged status Not for loan Collection code Home library Current library Date acquired Source of acquisition Currency Cost, normal purchase price Bill Number Total Checkouts Full call number Acc. no. / Barcode Date last seen Actual Cost, discounted price Bill Date Koha item type
    Dewey Decimal Classification     MBA PIET C-LIBRARY PIET C-LIBRARY 24/02/2026 Zafaa Books and Distributors INR 899.00 ZBD0457   658.882 GUM 39906 25/02/2026 629.30 24/02/2026 Text Books
    Dewey Decimal Classification     MBA PIET C-LIBRARY PIET C-LIBRARY 24/02/2026 Zafaa Books and Distributors INR 899.00 ZBD0457   658.882 GUM 39907 25/02/2026 629.30 24/02/2026 Text Books
    Dewey Decimal Classification     MBA PIET C-LIBRARY PIET C-LIBRARY 24/02/2026 Zafaa Books and Distributors INR 899.00 ZBD0457   658.882 GUM 39908 25/02/2026 629.30 24/02/2026 Text Books
    Dewey Decimal Classification     MBA PIET C-LIBRARY PIET C-LIBRARY 24/02/2026 Zafaa Books and Distributors INR 899.00 ZBD0457   658.882 GUM 39909 25/02/2026 629.30 24/02/2026 Text Books
    Dewey Decimal Classification     MBA PIET C-LIBRARY PIET C-LIBRARY 24/02/2026 Zafaa Books and Distributors INR 899.00 ZBD0457   658.882 GUM 39910 25/02/2026 629.30 24/02/2026 Text Books
    Dewey Decimal Classification     MBA PIET C-LIBRARY PIET C-LIBRARY 24/02/2026 Zafaa Books and Distributors INR 899.00 ZBD0457   658.882 GUM 39911 25/02/2026 629.30 24/02/2026 Text Books
    Dewey Decimal Classification     MBA PIET C-LIBRARY PIET C-LIBRARY 24/02/2026 Zafaa Books and Distributors INR 899.00 ZBD0457   658.882 GUM 39912 25/02/2026 629.30 24/02/2026 Text Books
    Dewey Decimal Classification     MBA PIET C-LIBRARY PIET C-LIBRARY 24/02/2026 Zafaa Books and Distributors INR 899.00 ZBD0457   658.882 GUM 39913 25/02/2026 629.30 24/02/2026 Text Books
    Dewey Decimal Classification     MBA PIET C-LIBRARY PIET C-LIBRARY 24/02/2026 Zafaa Books and Distributors INR 899.00 ZBD0457   658.882 GUM 39914 25/02/2026 629.30 24/02/2026 Text Books
    Dewey Decimal Classification     MBA PIET C-LIBRARY PIET C-LIBRARY 24/02/2026 Zafaa Books and Distributors INR 899.00 ZBD0457   658.882 GUM 39915 25/02/2026 629.30 24/02/2026 Text Books

Design & Developed by: PIET Central Library
R70 Miles Stone Pattikalyana Samalkha Panipat 132102
mail ID :- [email protected], Phone No:- 0180-2569700 Ex.216